00435nam a22001697a 4500003000400000008004100004020001800045082001400063100004100077245003800118250001300156260002900169300001000198650001300208700002200221700002200243OSt240408b |||||||| |||| 00| 0 eng d a9789354645648 a658.1 PAF aPARRINO, Robert and BATES, Thomas W. aFundamentals of Corporate Finance a5th. ed, aNew Delhi,bWiley,c2023 aMISC, aCommerce aGILLAN, Stuart L. aKIDWELL, David S.